Los colegios reales de Santiago de Chile: reseña histórica e índice de colegiales (1584-1816)

Gorde:
Xehetasun bibliografikoak
Egile nagusia: Lira Montt, Luis (autor)
Formatua: Liburua
Hizkuntza:gaztelania
Argitaratua: Santiago, Chile s.n 1977
Gaiak:
Etiketak: Etiketa erantsi
Etiketarik gabe, Izan zaitez lehena erregistro honi etiketa jartzen!

MARC

LEADER 00000nam a2200000 a 4500
001 UCO2593
003 CL-VaPUC
005 20230522124605.0
008 000608e19770000cl |||||||||||||||||spa|d
999 |c 289098  |d 289096 
040 |c Pontificia Universidad Católica de Valparaíso 
082 0 4 |a 370.983 LIR 1977  |2 21 
100 |a Lira Montt, Luis  |e autor  |9 445990 
245 1 4 |a Los colegios reales de Santiago de Chile:  |b  reseña histórica e índice de colegiales (1584-1816) 
260 |a Santiago, Chile  |b s.n  |c 1977 
300 |a 91 páginas 
583 |a last modification  |c 20170913 01:30:01  |k Rodrigo Vera 
650 0 |a Colegios  |z SANTIAGO  |z CHILE  |9 373748 
650 0 |a Historia de la educación   |z CHILE  |9 257642 
852 |a BIBCUR 
942 |c BK  |2 ddc 
945 |d 20000608 00:00:00  |a crobeson 
952 |0 0  |1 0  |2 ddc  |4 0  |6 370_983000000000000_LIR_1977  |7 0  |8 A  |9 337256  |a BIBHIS  |b BIBHIS  |d 2019-11-20  |i 1293109  |o 370.983 LIR 1977  |p 1293109  |r 2025-01-20  |t 2  |w 2019-11-20  |y BK  |k HIS 
952 |0 0  |1 0  |2 ddc  |4 0  |6 370_983000000000000_LIR_1977  |7 0  |8 A  |9 337257  |a BIBDER  |b BIBDER  |d 2019-11-20  |i 416718K  |o 370.983 LIR 1977  |p 416718K  |r 2023-01-25  |t 1  |w 2019-11-20  |y BK  |k DER